000 01124nji a22002657a 4500
005 20100920160319.0
006 a|||||r|||||00| 0
007 sd ammalaaahaa
008 100830t xxu||||| |||| 00| 0 eng d
028 _aBMLP.2027
_bHis Master's Voice
035 _aGR-04134
040 _aSED
_cSED
100 _917455
_aMangeshkar, Lata
245 _aYaadon ki manzil /
_cby Lata Mangeshkar...[et.al]
_h[sound recording] :
246 _aयादों की मंजिल / लता मंगेशकर द्वारा
260 _aDum Dum, India
_bHis Master's Voice
_c1987
300 _a1 sound disc [Gramophone Recording]:
_banalog, 33 1/3 rpm
_c12.5 in. (LP)
_fGramophone Record
500 _aBrief Record
500 _aRecord labels :His Master's Voice, Red
505 _aSide-1 k meethi si chubhan - Reshma Aur Shera (Lata Mangeshkar) -- Side-2 Nazare aati nahin manzil - Kanch Aur Heera (Mohd.Rafi)
600 _aMangeshkar, Lata
_91184
650 _aFilm songs
_zIndia
_91186
_xExcerpts
942 _2ddc
_cGR
999 _c47106
_d47106